[Event "Forchheim op-A 12th"]
[Site "Forchheim"]
[Date "2013.09.28"]
[Round "2"]
[White "Wittmann, Helmut"]
[Black "Kunz, Konstantin"]
[Result "0-1"]
[WhiteElo "2093"]
[BlackElo "2174"]
[PlyCount "96"]
[EventDate "2013.09.27"]
[EventType "swiss"]
[EventRounds "5"]
[EventCountry "GER"]
[SourceTitle "CBM 156 Extra"]
[Source "ChessBase"]
[SourceDate "2013.10.22"]
[SourceVersion "1"]
[SourceVersionDate "2013.10.22"]
[SourceQuality "1"]

1. d4 Nf6 2. Nf3 e6 3. c4 b6 4. Nc3 Bb7 5. a3 d5 6. Bg5 Be7 7. Qa4+ c6 8. Bxf6 Bxf6 9. cxd5 exd5 10. e3 0-0 11. Bd3 Nd7 12. Bf5 b5 13. Qc2 g6 14. Bh3 Re8 15. 0-0 Nb6 16. a4 a6 17. b3 Bc8 18. Bxc8 Rxc8 19. a5 Nd7 20. b4 c5 21. Qd2 cxd4 22. exd4 Nf8 23. Nd1 Ne6 24. Ne3 Qd6 25. Rac1 Bg7 26. Rc3 Rxc3 27. Qxc3 Rd8 28. g3 h5 29. Kg2 Qe7 30. Re1 Nxd4 31. Nxd5 Qb7 32. Ne7+ Kf8 33. Re3 Nf5 34. Nxg6+ Kg8 35. Ne7+ Nxe7 36. Qe1 Ng6 37. h4 Bf6 38. Kh2 Kg7 39. Nd2 Bd4 40. Re2 Bc3 41. Qc1 Bxd2 42. Qb2+ f6 43. Rxd2 Rxd2 44. Qxd2 Ne5 45. Qd1 Ng4+ 46. Kg1 Qh1+ 47. Kxh1 Nxf2+ 48. Kg2 Nxd1 0-1

[Event "Forchheim op-A 12th"]
[Site "Forchheim"]
[Date "2013.09.27"]
[Round "1"]
[White "Glawe, Ralf"]
[Black "Wittmann, Helmut"]
[Result "0-1"]
[WhiteElo "2019"]
[BlackElo "2093"]
[PlyCount "64"]
[EventDate "2013.09.27"]
[EventType "swiss"]
[EventRounds "5"]
[EventCountry "GER"]
[SourceTitle "CBM 156 Extra"]
[Source "ChessBase"]
[SourceDate "2013.10.22"]
[SourceVersion "1"]
[SourceVersionDate "2013.10.22"]
[SourceQuality "1"]

1. e4 e6 2. d4 b6 3. Bd3 Bb7 4. Nf3 c5 5. c3 Nf6 6. Qe2 Be7 7. 0-0 Nc6 8. a3 0-0 9. Re1 Qc7 10. Nbd2 Nh5 11. Nc4 cxd4 12. e5 b5 13. Ng5 g6 14. Nd6 Bxd6 15. exd6 Qxd6 16. Nxh7 Rfc8 17. Bg5 e5 18. Qg4 dxc3 19. Rad1 Qe6 20. Qh4 Kg7 21. Re3 Rh8 22. Bh6+ Kxh6 23. g4 Rxh7 24. gxh5 Qe7 25. Qh3 Qg5+ 26. Rg3 Qxh5 27. Qf1 Kg7 28. h3 Nd4 29. Qe1 Nf3+ 30. Rxf3 Qxf3 31. Qxe5+ Qf6 32. Qxb5 Bc6 0-1

[Event "Nuremberg Zabo op 15th"]
[Site "Nuremberg"]
[Date "2013.09.22"]
[Round "4"]
[White "Pressler, Paul"]
[Black "Wittmann, Helmut"]
[Result "1-0"]
[WhiteElo "1748"]
[BlackElo "2084"]
[PlyCount "39"]
[EventDate "2013.09.20"]
[EventType "swiss"]
[EventRounds "5"]
[EventCountry "GER"]
[SourceTitle "EXT 2016"]
[Source "ChessBase"]
[SourceDate "2015.10.08"]
[SourceVersion "1"]
[SourceVersionDate "2015.10.08"]
[SourceQuality "1"]

1. Nf3 d5 2. e3 Bg4 3. c4 e6 4. Qb3 Nc6 5. cxd5 exd5 6. Nc3 Bxf3 7. Qxb7 Nb4 8. Bb5+ Ke7 9. gxf3 Rb8 10. Qxa7 Nc2+ 11. Ke2 Nxa1 12. Nxd5+ Qxd5 13. Qxb8 Ke6 14. b3 Nxb3 15. axb3 Qd6 16. Qc8+ Ke7 17. Qe8+ Kf6 18. Bb2+ Kg6 19. Qe4+ f5 20. Be8+ 1-0

[Event "Nuremberg Zabo op 15th"]
[Site "Nuremberg"]
[Date "2013.09.22"]
[Round "5"]
[White "Wittmann, Helmut"]
[Black "Ott, Hans1"]
[Result "1-0"]
[WhiteElo "2084"]
[BlackElo "1644"]
[PlyCount "93"]
[EventDate "2013.09.20"]
[EventType "swiss"]
[EventRounds "5"]
[EventCountry "GER"]
[SourceTitle "EXT 2016"]
[Source "ChessBase"]
[SourceDate "2015.10.08"]
[SourceVersion "1"]
[SourceVersionDate "2015.10.08"]
[SourceQuality "1"]

1. Nf3 Nf6 2. d4 g6 3. Bg5 Bg7 4. Nbd2 b6 5. e4 Bb7 6. Bd3 d5 7. exd5 Nxd5 8. Be4 c6 9. 0-0 0-0 10. Re1 Nf6 11. Bd3 Re8 12. a4 a6 13. Nc4 Nd5 14. Bh4 Nd7 15. Nd6 Rf8 16. c4 N5f6 17. Nxb7 Qc8 18. Rxe7 Qxb7 19. Ne5 Qc8 20. Be2 Nxe5 21. dxe5 Rd8 22. Qb3 Nd7 23. c5 Nxe5 24. cxb6 Qf5 25. b7 Rab8 26. f4 Qxf4 27. Rf1 Qxh4 28. Rfxf7 Qd4+ 29. Rf2+ Kh8 30. Qc3 Qxc3 31. bxc3 a5 32. Bf1 Rd7 33. Rff7 Rxe7 34. Rxe7 Ng4 35. Be2 Nh6 36. Rc7 Be5 37. Rc8+ Kg7 38. Ba6 Nf7 39. Rxc6 Kf8 40. Rc8+ Ke7 41. Rc5 Rd8 42. Bc4 Bf4 43. Rxa5 Nd6 44. Bd5 Kd7 45. Ra8 Nf5 46. Be6+ Kc7 47. Rc8+ 1-0

[Event "Nuremberg Zabo op 15th"]
[Site "Nuremberg"]
[Date "2013.09.21"]
[Round "3"]
[White "Wittmann, Helmut"]
[Black "Meijers, Viesturs"]
[Result "0-1"]
[WhiteElo "2084"]
[BlackElo "2395"]
[PlyCount "71"]
[EventDate "2013.09.20"]
[EventType "swiss"]
[EventRounds "5"]
[EventCountry "GER"]
[SourceTitle "EXT 2016"]
[Source "ChessBase"]
[SourceDate "2015.10.08"]
[SourceVersion "1"]
[SourceVersionDate "2015.10.08"]
[SourceQuality "1"]

1. d4 Nf6 2. Nf3 e6 3. c4 Bb4+ 4. Nc3 b6 5. Bg5 h6 6. Bh4 c5 7. d5 Bxc3+ 8. bxc3 d6 9. Qa4+ Bd7 10. Qc2 e5 11. e3 g5 12. Bg3 Nh5 13. Nd2 f5 14. f3 Nxg3 15. hxg3 Qf6 16. a4 Ke7 17. a5 Na6 18. Be2 bxa5 19. Rxa5 Nc7 20. g4 a6 21. Ra2 a5 22. gxf5 Qxf5 23. Ne4 a4 24. Bd3 Qf8 25. 0-0 Ra7 26. Nxc5 dxc5 27. d6+ Kxd6 28. Bf5 Ke7 29. Bh7 Qf5 30. Rfa1 h5 31. Kf2 h4 32. Rd1 Ne8 33. Rb1 Nd6 34. Rb6 Rd8 35. Ke2 h3 36. Kf1 0-1

[Event "Nuremberg Zabo op 15th"]
[Site "Nuremberg"]
[Date "2013.09.21"]
[Round "2"]
[White "Wittmann, Helmut"]
[Black "Tong, Kevin"]
[Result "1-0"]
[WhiteElo "2084"]
[BlackElo "1786"]
[PlyCount "71"]
[EventDate "2013.09.20"]
[EventType "swiss"]
[EventRounds "5"]
[EventCountry "GER"]
[SourceTitle "EXT 2016"]
[Source "ChessBase"]
[SourceDate "2015.10.08"]
[SourceVersion "1"]
[SourceVersionDate "2015.10.08"]
[SourceQuality "1"]

1. d4 Nf6 2. Nf3 g6 3. Bg5 Bg7 4. Nbd2 d5 5. e3 0-0 6. Bd3 Bg4 7. h3 Bxf3 8. Qxf3 Nbd7 9. c3 c6 10. 0-0 Qb6 11. Rab1 Rac8 12. Bc2 c5 13. dxc5 Nxc5 14. Rfd1 Rfd8 15. Nb3 Nce4 16. Bxe4 dxe4 17. Qf4 Rxd1+ 18. Rxd1 Qc6 19. Qe5 h6 20. Bh4 g5 21. Bg3 e6 22. Qa5 a6 23. Be5 Nd5 24. Bxg7 Kxg7 25. c4 Nf6 26. c5 Nd5 27. Qd2 Kg8 28. Qd4 Ne7 29. Qf6 Nd5 30. Qxh6 Qe8 31. Qxg5+ Kf8 32. Qh6+ Ke7 33. Qg5+ Kf8 34. Qh6+ Ke7 35. Qh4+ Kf8 36. Qxe4 1-0

[Event "Nuremberg Zabo op 15th"]
[Site "Nuremberg"]
[Date "2013.09.20"]
[Round "1"]
[White "Koegler, Christian"]
[Black "Wittmann, Helmut"]
[Result "0-1"]
[WhiteElo "1562"]
[BlackElo "2084"]
[PlyCount "54"]
[EventDate "2013.09.20"]
[EventType "swiss"]
[EventRounds "5"]
[EventCountry "GER"]
[SourceTitle "EXT 2016"]
[Source "ChessBase"]
[SourceDate "2015.10.08"]
[SourceVersion "1"]
[SourceVersionDate "2015.10.08"]
[SourceQuality "1"]

1. d4 Nf6 2. Nf3 e6 3. g3 c5 4. Bg2 Qa5+ 5. Nc3 cxd4 6. Qxd4 Nc6 7. Qd1 Bb4 8. Bd2 d5 9. a3 Be7 10. b4 Qd8 11. e3 0-0 12. 0-0 Bd7 13. Bc1 a5 14. b5 Na7 15. a4 Qc7 16. Bb2 Nc8 17. Nd4 Nb6 18. Rc1 e5 19. Nde2 Rfd8 20. Bxd5 Bh3 21. e4 Bxf1 22. Qxf1 Nfxd5 23. exd5 Nxd5 24. Nxd5 Rxd5 25. Nc3 Rc5 26. Qd3 Bg5 27. Re1 Rd8 0-1

[Event "Bayern-ch"]
[Site "Westerndorf St Peter"]
[Date "2013.08.30"]
[Round "9.9"]
[White "Kunz, Konstantin"]
[Black "Wittmann, Helmut"]
[Result "1-0"]
[WhiteElo "2174"]
[BlackElo "2093"]
[PlyCount "41"]
[EventDate "2013.08.25"]
[EventType "swiss"]
[EventRounds "9"]
[EventCountry "GER"]
[SourceTitle "EXT 2019"]
[Source "ChessBase"]
[SourceDate "2018.10.10"]
[SourceVersion "1"]
[SourceVersionDate "2018.10.10"]
[SourceQuality "1"]

1. d4 Nf6 2. Nf3 e6 3. Bf4 c5 4. c3 Nc6 5. e3 Nd5 6. Bg3 cxd4 7. Nxd4 Qb6 8. Qc1 f5 9. Nd2 f4 10. Nc4 Qc7 11. Nb5 Qd8 12. Nbd6+ Bxd6 13. Nxd6+ Ke7 14. Bh4+ Nf6 15. Nxc8+ Rxc8 16. exf4 Qa5 17. Qd2 Qh5 18. Bg5 h6 19. Be2 Qg6 20. Bxf6+ gxf6 21. Bf3 1-0

[Event "Bayern-ch"]
[Site "Westerndorf St Peter"]
[Date "2013.08.30"]
[Round "8.9"]
[White "Wittmann, Helmut"]
[Black "Eichner, Manfred"]
[Result "1-0"]
[WhiteElo "2093"]
[BlackElo "2042"]
[PlyCount "20"]
[EventDate "2013.08.25"]
[EventType "swiss"]
[EventRounds "9"]
[EventCountry "GER"]
[SourceTitle "EXT 2019"]
[Source "ChessBase"]
[SourceDate "2018.10.10"]
[SourceVersion "1"]
[SourceVersionDate "2018.10.10"]
[SourceQuality "1"]

1. d4 d5 2. c4 e6 3. Nc3 c6 4. Nf3 dxc4 5. a4 Bb4 6. Ne5 b5 7. g3 Qd5 8. Rg1 Nf6 9. Bg2 Ne4 10. Kf1 f5 1-0

[Event "Bayern-ch"]
[Site "Westerndorf St Peter"]
[Date "2013.08.29"]
[Round "7.8"]
[White "Graf, Christian"]
[Black "Wittmann, Helmut"]
[Result "1-0"]
[WhiteElo "2146"]
[BlackElo "2093"]
[PlyCount "72"]
[EventDate "2013.08.25"]
[EventType "swiss"]
[EventRounds "9"]
[EventCountry "GER"]
[SourceTitle "EXT 2019"]
[Source "ChessBase"]
[SourceDate "2018.10.10"]
[SourceVersion "1"]
[SourceVersionDate "2018.10.10"]
[SourceQuality "1"]

1. e4 e5 2. Nf3 Nc6 3. Bb5 g6 4. 0-0 Bg7 5. c3 a6 6. Ba4 d6 7. h3 Nf6 8. d4 0-0 9. Re1 b5 10. Bb3 exd4 11. cxd4 Na5 12. Bc2 Bb7 13. Bg5 h6 14. Bh4 Re8 15. Nbd2 Qd7 16. Rc1 Nh5 17. b3 g5 18. Bg3 Nxg3 19. fxg3 Nc6 20. d5 Nd4 21. Kh2 c5 22. Nf1 f5 23. Nxd4 cxd4 24. exf5 Bxd5 25. Qd3 Qf7 26. Nd2 Rac8 27. Rxe8+ Rxe8 28. f6 Bxf6 29. Rf1 Qg7 30. Qf5 Be5 31. Nf3 Be6 32. Qe4 Bf7 33. Qc6 g4 34. Nxe5 dxe5 35. Be4 gxh3 36. gxh3 Qg5 1-0

[Event "Bayern-ch"]
[Site "Westerndorf St Peter"]
[Date "2013.08.28"]
[Round "6.6"]
[White "Straub, Juergen"]
[Black "Wittmann, Helmut"]
[Result "1-0"]
[WhiteElo "2218"]
[BlackElo "2093"]
[PlyCount "79"]
[EventDate "2013.08.25"]
[EventType "swiss"]
[EventRounds "9"]
[EventCountry "GER"]
[SourceTitle "EXT 2019"]
[Source "ChessBase"]
[SourceDate "2018.10.10"]
[SourceVersion "1"]
[SourceVersionDate "2018.10.10"]
[SourceQuality "1"]

1. c4 e5 2. Nc3 Nc6 3. g3 Bc5 4. Bg2 f5 5. e3 Nf6 6. Nge2 f4 7. d4 fxe3 8. dxc5 exf2+ 9. Kxf2 Qe7 10. h3 0-0 11. Kg1 Qxc5+ 12. Kh2 Qxc4 13. Rf1 Nd4 14. Nxd4 Qxd4 15. Qxd4 exd4 16. Nb5 c6 17. Nxd4 d5 18. Bg5 Bd7 19. Rae1 Ne4 20. Bxe4 dxe4 21. Be7 Rxf1 22. Rxf1 b6 23. Nf5 Re8 24. Bb4 e3 25. Nxe3 c5 26. Bd2 Be6 27. a3 Rd8 28. Bc1 b5 29. Rf2 a5 30. Rc2 Rc8 31. a4 Bb3 32. Rc3 Bxa4 33. Nd5 b4 34. Ne7+ Kf8 35. Nxc8 bxc3 36. bxc3 Ke8 37. Ba3 c4 38. Nd6+ Kd7 39. Nb7 Bb5 40. Nc5+ 1-0

[Event "Bayern-ch"]
[Site "Westerndorf St Peter"]
[Date "2013.08.28"]
[Round "5.8"]
[White "Wittmann, Helmut"]
[Black "Schatz, Christian"]
[Result "1-0"]
[WhiteElo "2093"]
[BlackElo "2193"]
[PlyCount "62"]
[EventDate "2013.08.25"]
[EventType "swiss"]
[EventRounds "9"]
[EventCountry "GER"]
[SourceTitle "EXT 2019"]
[Source "ChessBase"]
[SourceDate "2018.10.10"]
[SourceVersion "1"]
[SourceVersionDate "2018.10.10"]
[SourceQuality "1"]

1. g3 Nf6 2. Bg2 g6 3. e4 d6 4. d4 Bg7 5. Ne2 0-0 6. 0-0 e5 7. Nbc3 c6 8. d5 cxd5 9. Nxd5 Nxd5 10. Qxd5 Qc7 11. Qd2 Be6 12. b3 Na6 13. Ba3 Nc5 14. Nc3 Qa5 15. Bb2 Rad8 16. a3 Bxb3 17. cxb3 Nxb3 18. Qd5 Qxd5 19. Nxd5 Nxa1 20. Bxa1 Rb8 21. Bc3 Rfd8 22. Ba5 b6 23. Bd2 Bf8 24. h3 h6 25. Rc1 f5 26. Rc7 Kh8 27. exf5 Rdc8 28. Rxa7 Ra8 29. Rf7 gxf5 30. Nxb6 Kg8 31. Bd5 Bg7 1-0

[Event "Bayern-ch"]
[Site "Westerndorf St Peter"]
[Date "2013.08.27"]
[Round "4.4"]
[White "Knechtel, Roland"]
[Black "Wittmann, Helmut"]
[Result "1-0"]
[WhiteElo "2221"]
[BlackElo "2093"]
[PlyCount "63"]
[EventDate "2013.08.25"]
[EventType "swiss"]
[EventRounds "9"]
[EventCountry "GER"]
[SourceTitle "EXT 2019"]
[Source "ChessBase"]
[SourceDate "2018.10.10"]
[SourceVersion "1"]
[SourceVersionDate "2018.10.10"]
[SourceQuality "1"]

1. Nf3 d5 2. d4 Bg4 3. Bg5 c6 4. Nbd2 Nd7 5. e3 h6 6. Bf4 Ngf6 7. Bd3 Nh5 8. h3 Nxf4 9. exf4 Bxf3 10. Nxf3 g5 11. Qd2 Rg8 12. f5 Qb6 13. 0-0-0 g4 14. hxg4 Rxg4 15. g3 0-0-0 16. c3 c5 17. Qe2 cxd4 18. Nxd4 Rg8 19. Bc2 Nf6 20. Nf3 h5 21. Ne5 Bh6+ 22. Kb1 Rgf8 23. Rh4 Qc7 24. Rhd4 Bg7 25. f4 Qb6 26. Rb4 Qc5 27. Nxf7 Ne4 28. Bxe4 Rxf7 29. Bxd5 Rxd5 30. Qe6+ Kb8 31. Rxd5 Qg1+ 32. Kc2 1-0

[Event "Bayern-ch"]
[Site "Westerndorf St Peter"]
[Date "2013.08.26"]
[Round "2.2"]
[White "Pohl Kuemmel, Jens Uwe"]
[Black "Wittmann, Helmut"]
[Result "1/2-1/2"]
[WhiteElo "2292"]
[BlackElo "2093"]
[PlyCount "80"]
[EventDate "2013.08.25"]
[EventType "swiss"]
[EventRounds "9"]
[EventCountry "GER"]
[SourceTitle "EXT 2019"]
[Source "ChessBase"]
[SourceDate "2018.10.10"]
[SourceVersion "1"]
[SourceVersionDate "2018.10.10"]
[SourceQuality "1"]

1. Nf3 d5 2. c4 d4 3. g3 Nc6 4. Bg2 e5 5. d3 Bb4+ 6. Nfd2 a5 7. 0-0 Nf6 8. Na3 0-0 9. Nc2 Be7 10. b3 a4 11. bxa4 Nd7 12. Nb3 Nb6 13. a5 Nxa5 14. Nxa5 Rxa5 15. Bd2 Ra7 16. a3 Bd7 17. Qb1 Qa8 18. Bb4 c5 19. Bd2 Ra6 20. e3 Bf5 21. e4 Bg4 22. f3 Be6 23. Rf2 f5 24. Bh3 Na4 25. exf5 Bxf5 26. Bxf5 Rxf5 27. Qe1 b6 28. Qe2 h6 29. Re1 Ra7 30. f4 Nc3 31. Qg4 Rf8 32. fxe5 Qc6 33. e6 h5 34. Qg6 Ne2+ 35. Rfxe2 Rf1+ 36. Kxf1 Qh1+ 37. Kf2 Qxh2+ 38. Kf3 Qh1+ 39. Kf2 Qh2+ 40. Kf3 Qh1+ 1/2-1/2

[Event "Bayern-ch"]
[Site "Westerndorf St Peter"]
[Date "2013.08.26"]
[Round "3.2"]
[White "Wittmann, Helmut"]
[Black "Baldauf, Marco"]
[Result "1/2-1/2"]
[WhiteElo "2093"]
[BlackElo "2412"]
[PlyCount "72"]
[EventDate "2013.08.25"]
[EventType "swiss"]
[EventRounds "9"]
[EventCountry "GER"]
[SourceTitle "EXT 2019"]
[Source "ChessBase"]
[SourceDate "2018.10.10"]
[SourceVersion "1"]
[SourceVersionDate "2018.10.10"]
[SourceQuality "1"]

1. d4 Nf6 2. Nf3 c5 3. d5 e6 4. Nc3 b5 5. dxe6 fxe6 6. e4 b4 7. Nb5 a6 8. Nd6+ Bxd6 9. Qxd6 Nxe4 10. Qe5 Bb7 11. Bd3 Nf6 12. Qxc5 Nc6 13. Bf4 Nd5 14. Bd6 Rc8 15. Be4 Nce7 16. Qa7 Ba8 17. Qxa6 0-0 18. Qd3 Nf5 19. Bxd5 Bxd5 20. Bxf8 Qxf8 21. 0-0 Qf6 22. Rfd1 Rc4 23. Qe2 Qxb2 24. Rxd5 Qxa1+ 25. Rd1 Qxa2 26. Rxd7 Rxc2 27. Rd8+ Kf7 28. Ne5+ Ke7 29. Qd1 Rc7 30. h3 Qc2 31. Rd7+ Ke8 32. Rd8+ Ke7 33. Rd7+ Kf6 34. Ng4+ Kg6 35. Qe1 Rxd7 36. Qxe6+ Kg5 1/2-1/2

[Event "Bayern-ch"]
[Site "Westerndorf St Peter"]
[Date "2013.08.25"]
[Round "1.5"]
[White "Wittmann, Helmut"]
[Black "Lentrodt, Thomas"]
[Result "1-0"]
[WhiteElo "2093"]
[BlackElo "2274"]
[PlyCount "41"]
[EventDate "2013.08.25"]
[EventType "swiss"]
[EventRounds "9"]
[EventCountry "GER"]
[SourceTitle "EXT 2019"]
[Source "ChessBase"]
[SourceDate "2018.10.10"]
[SourceVersion "1"]
[SourceVersionDate "2018.10.10"]
[SourceQuality "1"]

1. d4 Nf6 2. Nf3 e6 3. c4 Bb4+ 4. Nc3 b6 5. Bg5 h6 6. Bh4 Bb7 7. Nd2 0-0 8. e4 g5 9. Bg3 Nxe4 10. Ndxe4 Bxe4 11. h4 Bg6 12. hxg5 hxg5 13. Qf3 d6 14. 0-0-0 d5 15. Bd3 f5 16. Rh6 Kf7 17. Rdh1 Rg8 18. Rxg6 Kxg6 19. Be5 Kf7 20. Rh7+ Kf8 21. Bxf5 1-0

[Event "Mittelfranken-ch"]
[Site "Wachendorf"]
[Date "2013.03.29"]
[Round "8.1"]
[White "Schatz, Christian"]
[Black "Wittmann, Helmut"]
[Result "0-1"]
[WhiteElo "2195"]
[BlackElo "2096"]
[PlyCount "149"]
[EventDate "2013.03.26"]
[EventType "swiss"]
[EventRounds "9"]
[EventCountry "GER"]
[SourceTitle "EXT 2022"]
[Source "ChessBase"]
[SourceDate "2021.10.06"]
[SourceVersion "1"]
[SourceVersionDate "2021.10.06"]
[SourceQuality "1"]

1. Nf3 d5 2. c4 d4 3. g3 Nc6 4. Bg2 e5 5. d3 Bb4+ 6. Bd2 a5 7. 0-0 Nf6 8. Bxb4 axb4 9. Nbd2 0-0 10. a3 bxa3 11. Qb3 Ra6 12. bxa3 Re8 13. Ne1 Bg4 14. f3 Be6 15. Nc2 Rb6 16. Nb4 Ne7 17. Qa2 Nf5 18. Nc2 Bc8 19. Rab1 Rbe6 20. Qb2 Nd7 21. Bh3 Qg5 22. Ne4 Qh5 23. Bg4 Qg6 24. Qc1 h5 25. Bh3 Nf6 26. Qg5 Nxe4 27. Qxg6 Rxg6 28. fxe4 Nxg3 29. hxg3 Bxh3 30. Rf3 Bg4 31. Rf2 h4 32. e3 hxg3 33. Rd2 Bf3 34. Rf1 Bg4 35. exd4 exd4 36. Nxd4 g2 37. Rf4 Bh3 38. Rh4 Bd7 39. Rh2 f5 40. Rhxg2 Rxg2+ 41. Kxg2 fxe4 42. dxe4 Rxe4 43. Kf3 Rh4 44. c5 Rh3+ 45. Ke4 Rxa3 46. Rb2 Ra5 47. Rc2 g5 48. Kd5 b6 49. Nb3 Rb5 50. Rc3 Be8 51. Rg3 Rxb3 52. Rxg5+ Kf8 53. Ke6 Re3+ 54. Kf6 b5 55. Rg4 Bd7 56. Rd4 Re6+ 57. Kg5 Ke7 58. Kf4 Rf6+ 59. Ke3 Rf5 60. Re4+ Kd8 61. Kd4 Bc6 62. Rh4 Rd5+ 63. Kc3 Rxc5+ 64. Kb3 Bd5+ 65. Kb2 Kc8 66. Rh5 Kb7 67. Ka3 c6 68. Rg5 Rc2 69. Rg7+ Kb6 70. Rh7 Ra2+ 71. Kb4 c5+ 72. Kc3 b4+ 73. Kd3 Ra7 74. Rh6+ Kb5 75. Kc2 0-1

[Event "Mittelfranken-ch"]
[Site "Wachendorf"]
[Date "2013.03.29"]
[Round "9.1"]
[White "Wittmann, Helmut"]
[Black "Liepold, Stefan"]
[Result "0-1"]
[WhiteElo "2096"]
[BlackElo "2182"]
[PlyCount "88"]
[EventDate "2013.03.26"]
[EventType "swiss"]
[EventRounds "9"]
[EventCountry "GER"]
[SourceTitle "EXT 2022"]
[Source "ChessBase"]
[SourceDate "2021.10.06"]
[SourceVersion "1"]
[SourceVersionDate "2021.10.06"]
[SourceQuality "1"]

1. g3 d5 2. c4 d4 3. b4 e5 4. Bg2 a5 5. b5 Nf6 6. Nf3 Nbd7 7. 0-0 Bc5 8. e3 0-0 9. Bb2 Re8 10. exd4 exd4 11. Nxd4 Ne5 12. Nb3 Bg4 13. Qc2 Ba7 14. Bxe5 Rxe5 15. Nc3 a4 16. Nc1 Qd4 17. Rb1 Qxc4 18. Bxb7 Rd8 19. Qxa4 Qxa4 20. Nxa4 Rxd2 21. b6 cxb6 22. Nxb6 Be6 23. a4 h5 24. Nc8 Bh3 25. Nb3 Rd7 26. Bg2 Bf5 27. Rbc1 Bb8 28. Nb6 Rd3 29. Nc5 Rd4 30. Na6 Ba7 31. Nc4 Re2 32. Ne3 Bd3 33. Rc8+ Kh7 34. Rc7 Bb6 35. Rb7 Rb2 36. Rd1 Bxa6 37. Rxd4 Bxd4 38. Rxf7 Bxe3 39. fxe3 Bd3 40. Bf3 Ra2 41. Bc6 Ng4 42. Rd7 Ra1+ 43. Kg2 Bf1+ 44. Kf3 Ne5+ 0-1

[Event "Mittelfranken-ch"]
[Site "Wachendorf"]
[Date "2013.03.28"]
[Round "6.5"]
[White "Bolten, Daniel"]
[Black "Wittmann, Helmut"]
[Result "0-1"]
[WhiteElo "2058"]
[BlackElo "2096"]
[PlyCount "58"]
[EventDate "2013.03.26"]
[EventType "swiss"]
[EventRounds "9"]
[EventCountry "GER"]
[SourceTitle "EXT 2022"]
[Source "ChessBase"]
[SourceDate "2021.10.06"]
[SourceVersion "1"]
[SourceVersionDate "2021.10.06"]
[SourceQuality "1"]

1. c4 e5 2. g3 Nc6 3. Bg2 Bc5 4. Nc3 Nf6 5. e3 0-0 6. a3 d6 7. Nge2 Bb6 8. 0-0 Bg4 9. h3 Bh5 10. d3 Qd7 11. Qd2 Ne7 12. d4 c6 13. b4 Bc7 14. g4 exd4 15. exd4 Bg6 16. d5 cxd5 17. cxd5 h5 18. g5 Nh7 19. Nd4 Bb6 20. Nce2 Nf5 21. Nxf5 Qxf5 22. Ng3 Qe5 23. Ra2 Qxg3 24. Kh1 Qh4 25. f4 Bf5 26. Kh2 Rfe8 27. Qc3 Rac8 28. Qb3 Re1 29. Bd2 Rxf1 0-1

[Event "Mittelfranken-ch"]
[Site "Wachendorf"]
[Date "2013.03.28"]
[Round "5.5"]
[White "Wittmann, Helmut"]
[Black "Kroneder, Christian"]
[Result "1/2-1/2"]
[WhiteElo "2096"]
[BlackElo "2082"]
[PlyCount "107"]
[EventDate "2013.03.26"]
[EventType "swiss"]
[EventRounds "9"]
[EventCountry "GER"]
[SourceTitle "EXT 2022"]
[Source "ChessBase"]
[SourceDate "2021.10.06"]
[SourceVersion "1"]
[SourceVersionDate "2021.10.06"]
[SourceQuality "1"]

1. d4 d5 2. c4 c6 3. Nf3 Nf6 4. Nc3 a6 5. Ne5 g6 6. cxd5 cxd5 7. Qb3 Nc6 8. Bg5 Bg7 9. Bxf6 exf6 10. Nxc6 bxc6 11. Qa3 Rb8 12. e4 dxe4 13. Nxe4 Bf8 14. Qe3 Be6 15. Bc4 Qa5+ 16. Nc3 Rxb2 17. 0-0 Rc2 18. Rac1 Rxc1 19. Rxc1 Qg5 20. f4 Qf5 21. d5 cxd5 22. Nxd5 Bd6 23. Qb6 Bxf4 24. Qc6+ Kf8 25. Nxf4 Qxf4 26. Bxe6 Qe3+ 27. Kf1 Qxe6 28. Qxe6 fxe6 29. Rc7 h5 30. Ra7 f5 31. a4 Rg8 32. a5 Rg7 33. Rxa6 Re7 34. Rb6 Kf7 35. a6 Kf6 36. Rb7 Re8 37. a7 Ra8 38. h4 g5 39. hxg5+ Kxg5 40. Kf2 h4 41. Rg7+ Kf6 42. Rh7 Kg6 43. Rb7 Kg5 44. Ke3 e5 45. Kd3 Kf4 46. Rg7 e4+ 47. Ke2 Rc8 48. Rc7 Rg8 49. Kf1 Rd8 50. Rc1 Ra8 51. Ra1 Kg4 52. Ra6 h3 53. gxh3+ Kxh3 54. Kf2 1/2-1/2

[Event "Mittelfranken-ch"]
[Site "Wachendorf"]
[Date "2013.03.28"]
[Round "7.3"]
[White "Wittmann, Helmut"]
[Black "Willim, Michael"]
[Result "1-0"]
[WhiteElo "2096"]
[BlackElo "2083"]
[PlyCount "51"]
[EventDate "2013.03.26"]
[EventType "swiss"]
[EventRounds "9"]
[EventCountry "GER"]
[SourceTitle "EXT 2022"]
[Source "ChessBase"]
[SourceDate "2021.10.06"]
[SourceVersion "1"]
[SourceVersionDate "2021.10.06"]
[SourceQuality "1"]

1. d4 Nf6 2. Nf3 e6 3. c4 Bb4+ 4. Nc3 c5 5. g3 0-0 6. Bg2 cxd4 7. Nxd4 d5 8. 0-0 e5 9. Nc2 Bxc3 10. bxc3 dxc4 11. Ba3 Qxd1 12. Rfxd1 Re8 13. Ne3 Nc6 14. Nxc4 Bg4 15. Nd6 Re6 16. Nxb7 e4 17. f3 Bh5 18. Nc5 Ree8 19. g4 Bg6 20. g5 Nh5 21. e3 Ne5 22. Nxe4 Nxf3+ 23. Bxf3 Rxe4 24. Bxe4 Bxe4 25. Rd4 Re8 26. Rad1 1-0

[Event "Mittelfranken-ch"]
[Site "Wachendorf"]
[Date "2013.03.27"]
[Round "4.4"]
[White "Feldheim, Jonas"]
[Black "Wittmann, Helmut"]
[Result "1/2-1/2"]
[WhiteElo "2008"]
[BlackElo "2096"]
[PlyCount "138"]
[EventDate "2013.03.26"]
[EventType "swiss"]
[EventRounds "9"]
[EventCountry "GER"]
[SourceTitle "EXT 2022"]
[Source "ChessBase"]
[SourceDate "2021.10.06"]
[SourceVersion "1"]
[SourceVersionDate "2021.10.06"]
[SourceQuality "1"]

1. e4 e6 2. d4 b6 3. Nf3 Bb7 4. Bd3 c5 5. c4 cxd4 6. Nxd4 Bb4+ 7. Nd2 Nc6 8. Nc2 Be7 9. f4 d5 10. 0-0 dxe4 11. Nxe4 Nf6 12. Qe2 Nxe4 13. Bxe4 Nd4 14. Qd3 Bxe4 15. Qxe4 f5 16. Qd3 Bc5 17. Kh1 0-0 18. Bd2 Nb3 19. Qxb3 Qxd2 20. Rad1 Qe2 21. Rde1 Qg4 22. Qc3 Rf6 23. b4 Rg6 24. Qf3 Qxf3 25. Rxf3 Be7 26. Rd3 a5 27. Rd7 Kf8 28. Nd4 Bxb4 29. Rxe6 Rc8 30. Rxg6 hxg6 31. Ne6+ Ke8 32. Rxg7 Rxc4 33. Nc7+ Kf8 34. Ne6+ Ke8 35. Nc7+ Kd8 36. Ne6+ Kc8 37. h4 Rc6 38. Rg8+ Kd7 39. Nf8+ Bxf8 40. Rxf8 Ke7 41. Rb8 a4 42. Kh2 Kd6 43. Rf8 Ke6 44. Ra8 b5 45. Rb8 Rc5 46. Rb6+ Kf7 47. Kh3 a3 48. g3 Rc2 49. h5 gxh5 50. Rxb5 Ke6 51. Re5+ Kf6 52. Ra5 Rxa2 53. Ra6+ Ke7 54. Kh4 Rh2+ 55. Kg5 a2 56. Kxf5 Rg2 57. Ra7+ Kd6 58. Kf6 Kd5 59. f5 Ke4 60. Ke6 Re2 61. Ra3 Kd4+ 62. Kf7 Ke4 63. Kg6 Rg2 64. f6 h4 65. Rxa2 Rxa2 66. gxh4 Rg2+ 67. Kh6 Ke5 68. f7 Rf2 69. Kg7 Rg2+ 1/2-1/2